000 00926nam0a22002771 4500
001 rc\4462784
005 20250611181201.0
021 _aRU
_bРг3327-66
035 _a(NLR Aleph) 008326155
090 _a8787787
_c8787787
100 _a20130416d1966 |||y0rusy50 ca
101 0 _arus
_aest
102 _aRU
105 _aa z |||||
200 1 _aЙыгеваская селекционная станция
_fЭст. науч.-исслед. ин-т земледелия и мелиорации
210 _aТаллин
_cМ-во с. х. Эстон. ССР
_d[1966]
215 _a[40] с.
_cил.
_d14х22
300 _aТекст парал. на рус. и эст. яз.
300 _aНа обороте тит. л. сост.: Яан Сарв
702 1 _aСарв
_bЯ.
_gЯан
_4220
801 0 _aRU
_bNLR
_gpsbo
801 1 _aRU
_bELAR
_2rusmarc
852 _aNLR
_bОНЛ
942 _cBOOK
980 _aNB